书目信息 |
| 题名: |
货币史
|
|
| 作者: | 里瓦尔 著 ;任婉筠 , 任驰 译 | |
| 分册: | ||
| 出版信息: | 北京 商务印书馆 2001.5 |
|
| 页数: | 152页 | |
| 开本: | 19cm | |
| 丛书名: | 《我知道什么?》丛书 | |
| 单 册: | ||
| 中图分类: | F821.9 | |
| 科图分类: | ||
| 主题词: | 货币--经济史--世界 | |
| 电子资源: | ||
| ISBN: | 7-100-02634-2 | |
| 000 | 00757nam0 2200253 45 | |
| 001 | 0211181548 | |
| 005 | 20041213105801.5 | |
| 010 | @a7-100-02634-2@dCNY7.50 | |
| 100 | @a20021118d2001 km y0chiy0120 ea | |
| 101 | 0 | @achi@cfre |
| 105 | @a z 000yy | |
| 200 | 1 | @a货币史@AHuo Bi Shi@f(法)让·里瓦尔著@F(Fa)Rang·Li Wa Er Zhu@g任婉筠,任驰译 |
| 210 | @a北京@c商务印书馆@d2001.5 | |
| 215 | @a152页@d19cm | |
| 225 | @a《我知道什么?》丛书 | |
| 305 | @a根据法国大学出版社1989年第二版译出 | |
| 410 | @12001 @a《我知道什么?》丛书 | |
| 606 | 0 | @a货币@x经济史@y世界 |
| 690 | @aF821.9@v4 | |
| 701 | 0 | @a里瓦尔@4著 |
| 702 | 0 | @a任婉筠@ARen Wan Jun@4译 |
| 702 | 0 | @a任驰@ARen Chi@4译 |
| 801 | @aCN@bTSTC@c20021118 | |
| 905 | @b317667-669@dF821.9@e25@f3 | |
| 货币史/(法)让·里瓦尔著/任婉筠,任驰译.-北京:商务印书馆,2001.5 |
| 152页;19cm.-(《我知道什么?》丛书) |
| ISBN 7-100-02634-2:CNY7.50 |
| ● |
| 相关链接 |
|
|
|
|
正题名:货币史
索取号:F821.9/25
 
预约/预借
| 序号 | 登录号 | 条形码 | 馆藏地/架位号 | 状态 | 备注 |
| 1 | 0317667 | 203176678 | 第一借阅区/ [索取号:F821.9/25] | 在馆 | |
| 2 | 0317668 | 203176687 | 第一借阅区/ [索取号:F821.9/25] | 在馆 | |
| 3 | 0317669 | 203176696 | 第一样本阅览室/ [索取号:F821.9/25] | 在馆 |